Plan general de regionalización hospitalaria en Cataluña y Baleares, 5a región hospitalaria española / realizador del informe, Ignacio Aragó Mitjans ; coautor, José Artigas Candela ; director del trabajo, Carlos Soler Durall
Descripción Física:
258 p. : amb map. ; 30 cm
MARC
| LEADER | 00000nam a2200000Ia 4500 | ||
|---|---|---|---|
| 001 | 1711 | ||
| 008 | 160829s1969 xx 000 0 cat d | ||
| 080 | |a C-2-1 | ||
| 100 | |a Aragó Mitjans, Ignacio |9 34088 | ||
| 245 | |a Plan general de regionalización hospitalaria en Cataluña y Baleares, 5a región hospitalaria española / realizador del informe, Ignacio Aragó Mitjans ; coautor, José Artigas Candela ; director del trabajo, Carlos Soler Durall | ||
| 260 | |a Barcelona : |b [s.n.], |c 1969 | ||
| 300 | |a 258 p. : |b amb map. ; |c 30 cm | ||
| 650 | |a Hospitals |x Catalunya |9 34089 | ||
| 650 | |a Hospitals |x Balears |9 34090 | ||
| 650 | 0 | |a Salut pública |x Planificació |9 34091 | |
| 700 | |a Artigas Condela, José |9 34092 | ||
| 700 | |a Soler Durall, Carlos, dir. |9 34093 | ||
| 901 | |a Arxiu | ||
| 942 | |n 1 | ||
| 952 | |0 0 |1 0 |4 0 |6 C21 |7 1 |9 46383 |a Arxiu |b Arxiu |d 2016-12-01 |l 0 |o C-2-1 |p 1711 |r 2016-12-01 00:00:00 |w 2016-12-01 |y ARXIU | ||
| 999 | |c 50168 |d 50168 | ||